देवों की घाटी / (Record no. 148497)

MARC details
000 -LEADER
fixed length control field 02117nam a22003377a 4500
005 - DATE AND TIME OF LATEST TRANSACTION
control field 20180117152128.0
010 ## - LCCN (DPL NO)
LC control number B-685444 B-664482
020 ## - INTERNATIONAL STANDARD BOOK NUMBER
Terms of availability 60.00
International Standard Book Number 8126005130
035 ## - SYSTEM CONTROL NUMBER
System control number B-685444
035 ## - SYSTEM CONTROL NUMBER
System control number B-664482
037 ## - SOURCE OF ACQUISITION
Source of stock number/acquisition नॉर्थ इंडिया पब्लिशर्स
037 ## - SOURCE OF ACQUISITION
Source of stock number/acquisition स्टार पब्लिकेशन
082 ## - DEWEY DECIMAL CLASSIFICATION NUMBER
Classification number 910.4
Item number पटेल
100 ## - MAIN ENTRY--PERSONAL NAME
Personal name पटेल, भोलाभाई
245 ## - TITLE STATEMENT
Title देवों की घाटी /
Statement of responsibility, etc भोलाभाई पटेल: अनुवादक मृदुल पारीक
246 ## - VARYING FORM OF TITLE
Title proper/short title Devon ki ghati /
Remainder of title by Bholabhai Patel; nuvadak mridula Parik
260 ## - PUBLICATION, DISTRIBUTION, ETC. (IMPRINT)
Place of publication, distribution, etc नयी दिल्ली
Name of publisher, distributor, etc साहित्य अकादमी
Date of publication, distribution, etc 2014
270 ## - ADDRESS
City नयी दिल्ली
Postal code 110001
Address रबिन्द्र भवन, 35, फ़िरोज़ शाह मार्ग
300 ## - PHYSICAL DESCRIPTION
Extent 163पृ.
Dimensions 19सेमी (सजिल्द)
500 ## - GENERAL NOTE
General note साहित्य अकादेमी द्वारा पुरस्कृत गुजरती यात्रा-व्रन्त
505 ## - FORMATTED CONTENTS NOTE
Formatted contents note राष्ट्रपति भवन
520 ## - SUMMARY, ETC.
Summary, etc AW
650 ## - SUBJECT ADDED ENTRY--TOPICAL TERM
Topical term or geographic name as entry element भूगोल
Geographic subdivision चाइना
650 ## - SUBJECT ADDED ENTRY--TOPICAL TERM
Topical term or geographic name as entry element मृदुल की घटी
General subdivision प्राकृतिक सौन्दर्य
650 ## - SUBJECT ADDED ENTRY--TOPICAL TERM
Topical term or geographic name as entry element Geography
650 ## - SUBJECT ADDED ENTRY--TOPICAL TERM
Topical term or geographic name as entry element Lack mradul
General subdivision Natural beauty
700 ## - ADDED ENTRY--PERSONAL NAME
Personal name पारीक, मृदुल
9 (RLIN) 46664
942 ## - ADDED ENTRY ELEMENTS (KOHA)
Source of classification or shelving scheme Dewey Decimal Classification
Item type Hindi Books
Classification part 910.4
Call number suffix पटेल
Holdings
Withdrawn status Lost status Not for loan Collection code Home library Current library Date acquired Source of acquisition Cost, normal purchase price Full call number Barcode Copy number Cost, replacement price Koha item type
      Non-fiction Ashok Vihar Ashok Vihar 17/01/2018 स्टार पब्लिकेशन/2241/16.02.17/344/09.02.17/03.03.17 60.00 910.4 पटेल B-664482 1 60.00 Hindi Books
      Non-fiction Mobile Library Mobile Library 27/12/2017 नॉर्थ इंडिया पब्लिशर्स /315/7/22-12-17/765/16-12-17/27-12-17 60.00 910.4 पटेल B-685444 1 60.00 Hindi Books

© Delhi Public Library
Hit Counter
free hit counter